More Psychometric Testing (Record no. 12343)

000 -LEADER
fixed length control field 00461nam a2200157 4500
020 ## - INTERNATIONAL STANDARD BOOK NUMBER
International Standard Book Number 0-470-85039-6
082 ## - DEWEY DECIMAL CLASSIFICATION NUMBER
Classification number 153.93 CAR
100 ## - MAIN ENTRY--PERSONAL NAME
Personal name Philip Carter
245 ## - TITLE STATEMENT
Title More Psychometric Testing
260 ## - PUBLICATION, DISTRIBUTION, ETC.
Place of publication, distribution, etc. England
Name of publisher, distributor, etc. John Wiley Sons Ltd
Date of publication, distribution, etc. 2003
300 ## - PHYSICAL DESCRIPTION
Extent 274p.
Accompanying material 21cm.
500 ## - GENERAL NOTE
General note Psychological Tests, Personality Tests, Intelligence Tests, Self Evaluation Self Report Inventories
650 ## - SUBJECT ADDED ENTRY--TOPICAL TERM
Topical term or geographic name entry element Non-fiction
700 ## - ADDED ENTRY--PERSONAL NAME
Personal name Carter, Philip
942 ## - ADDED ENTRY ELEMENTS (KOHA)
Koha item type Book
Holdings
Withdrawn status Lost status Damaged status Not for loan Collection code Permanent Location Current Location Shelving location Date acquired Source of acquisition Cost, normal purchase price Total Checkouts Full call number Barcode Date last seen Price effective from Koha item type
          Central Library (CL) Central Library (CL) General Stacks 10/11/2013 Donation 0.00   153.93 CAR SEECSD00967 11/11/2021 12/28/2013 Book
© 2023 Central Library, National University of Sciences and Technology. All Rights Reserved.